Super Smash Bros. Brawl Character Roster - Statistics

General Stats
  • This quiz has been taken 156 times
  • The average score is 19 of 35
Answer Stats
Character % Correct
Mario
99%
Donkey Kong
81%
Link
76%
Samus
71%
Kirby
70%
Pikachu
69%
Fox
64%
Luigi
59%
Peach
56%
Diddy Kong
55%
Marth
55%
Zelda
54%
Bowser
51%
Ganondorf
51%
Snake
51%
Ike
50%
King Dedede
50%
Lucario
50%
Pokémon Trainer
50%
Sonic
49%
Meta Knight
48%
Falco
46%
Ness
46%
Wolf
46%
Yoshi
46%
Toon Link
45%
Jigglypuff
44%
Lucas
43%
Mr. Game and Watch
43%
Wario
41%
Ice Climbers
40%
Pit
40%
Olimar
39%
Captain Falcon
38%
R.O.B.
35%
No matching quizzes found
Score Distribution
Percent of People with Each Score
Percentile by Number Answered
Your Score History
You have not taken this quiz